• 首页
  • 本馆介绍
  • 公告通知
  • 最新文献
  • 馆藏检索
  • 电子资源
  • 读者导购
  • 参考咨询
  • 我的图书馆
  • 登录
  • 详细信息显示
  • 放入我的书架
  • 预约/预借图书
  • 作者相关作品
  • 分类相关作品
  • 丛书相关作品
  • 出版社相关作品

书目信息

  • 表格格式
  • 工作单格式
  • 卡片格式
题名:
民权运动的前奏
    
 
作者: 谢国荣 著
分册:  
出版信息: 北京   人民出版社  2010.03
页数: 316页
开本: 24cm
丛书名: 高校社科文库
单 册:
中图分类: D771.224
科图分类:
主题词: 美国黑人--民权--研究 , 美国黑人 , 民权
电子资源:
ISBN: 978-7-01-008640-8
000 01413oam2 2200313 450
001 010700087995
005 20120626153034.71
010    @a978-7-01-008640-8@dCNY39.80
100    @a20100412d2010 em y0chiy0110 ea
101 0  @achi
102    @aCN@b110000
105    @ak z 000yy
106    @ar
200 1  @a民权运动的前奏@9min quan yun dong de qian zou@e杜鲁门当政时期美国黑人民权问题研究@dPrelude to civil rights movement@ea study on african Americans civil rights issue during the truman administration@f谢国荣著@zeng
210    @a北京@c人民出版社@d2010.03
215    @a316页@d24cm
225 2  @a高校社科文库
300    @a教育部高等学校社会科学发展研究中心资助
330    @a本书依据原始文献,借鉴国内外学者的相关成果,细致地梳理了杜鲁门当政时期美国政治的变动、政府和社会对黑人民权问题的态度、黑人社会政治力量的兴起及民权问题在政府政策中和1948年美国总统大选中的反映等方面的史实。
461  0 @12001 @a高校社科文库
510 1  @aPrelude to civil rights movement@ea study on african Americans civil rights issue during the truman administration@zeng
517 1  @a杜鲁门当政时期美国黑人民权问题研究@9du lu men dang zheng shi qi mei guo hei ren min quan wen ti yan jiu
606 0  @a美国黑人@x民权@x研究
606 0  @a美国黑人
606 0  @a民权
690    @aD771.224@v4
701  0 @a谢国荣@9xie guo rong@f(1975~)@4著
801  0 @aCN@bRENTIAN@c20100412
905    @b541072-76@dD771.224@e357@f5
    
    民权运动的前奏:杜鲁门当政时期美国黑人民权问题研究=Prelude to civil rights movement:a study on african Americans civil rights issue during the truman administration/谢国荣著.-北京:人民出版社,2010.03
    316页;24cm.-(高校社科文库)
    教育部高等学校社会科学发展研究中心资助
    
    ISBN 978-7-01-008640-8:CNY39.80
    本书依据原始文献,借鉴国内外学者的相关成果,细致地梳理了杜鲁门当政时期美国政治的变动、政府和社会对黑人民权问题的态度、黑人社会政治力量的兴起及民权问题在政府政策中和1948年美国总统大选中的反映等方面的史实。
●
相关链接 在E读中查询图书 在五车中查询图书 在当当中查询图书 在豆瓣中查询图书


正题名:民权运动的前奏     索取号:D771.224/357         预约/预借

序号 登录号 条形码 馆藏地/架位号 状态 备注
1 541072   205410722   第一样本阅览室/ [索取号:D771.224/357] 在馆    
2 541073   205410731   第一借阅区/ [索取号:D771.224/357] 在馆    
3 541074   205410740   第一借阅区/ [索取号:D771.224/357] 在馆    
4 541075   205410759   第一借阅区/ [索取号:D771.224/357] 在馆    
5 541076   205410768   第一借阅区/ [索取号:D771.224/357] 在馆    
唐山师范学院图书馆 欢迎您!
大连网信软件有限公司© 版权所有